Представление документа в формате RUSMARC

ПолеНазваниеЗначение
  Тип записи a
  Библиографический уровень m
001 Контрольный номер UONB/MAIN/0911e5465dc849978736b7c8ba8374f7
005 Дата корректировки 20260126104106.3
010 Индекс ISBN __
a ISBN 978-5-9795-2464-1
9 Тираж 50 экз.
100 Данные общей обработки __
a Данные общей обработки 20250930d2025 u y0rusy0189 ca
101 Язык документа 0_
a Язык текста rus
a Язык текста chv
102 Страна публикации __
a Страна публикации RU
105 Кодированные данные (монография) __
a Кодированные данные (монография) a z 101yy
200 Заглавие и сведения об ответственности 1_
a Заглавие Опыт реализации урочной и внеурочной деятельности в контексте диалога культур
d Параллельное заглавие Культура диалогӗн хутлӑхӗнче уроксенчи тата урок хыҫҫӑнхи ӗҫсене пурнӑҫа кӗртнин опычӗ
e Сведения, относящиеся к заглавию сборник материалов Межрегионального практико-ориентированного семинара (г. Ульяновск, 14 февраля 2025 г.)
f Первые сведения об ответственности Министерство науки и высшего образования Российской Федерации, Ульяновский государственный технический университет [и др.]
g Последующие сведения об ответственности составители В. В. Грузин, А. И. Грузина, Н. А. Николенко
203 Вид содержания и тип средства __
a Вид содержания Текст
b Характеристика содержания визуальный
c Тип средства непосредственный
210 Выходные данные 1_
a Место издания Ульяновск
c Издательство УлГТУ
d Дата издания 2025
215 Физическое описание __
a Объем 161 с.
d Формат 20 см
c Иллюстрации/тип воспроизводства ил.
300 Общие примечания __
a Общие примечания Текст. чуваш., рус.
320 Библиография __
a Библиография Библиогр. в конце ст.
606 Тематические рубрики 0_
a Основная рубрика Чувашский язык
x Основная подрубрика Методика преподавания в средней школе
j Формальный подзаголовок Сборники
606 Тематические рубрики 0_
a Основная рубрика Чувашский язык
x Основная подрубрика Методика преподавания в дошкольных учреждениях
j Формальный подзаголовок Сборники
610 Ключевые слова 0_
a Ключевые слова чувашский язык; методика преподавания чувашского языка
686 Индексы других классификаций __
2 Код системы rubbk
a Классификационный индекс 74.261.7(Чув)я43
686 Индексы других классификаций __
a Классификационный индекс 74.102.122(Чув)я43
2 Код системы rubbk
702 Вторичная интеллектуальная ответственность _1
a Фамилия Грузин
b Имя (инициалы) В. В.
4 Код отношения 220
702 Вторичная интеллектуальная ответственность _1
a Фамилия Грузина
b Имя (инициалы) А. И.
4 Код отношения 220
702 Вторичная интеллектуальная ответственность _1
a Фамилия Николенко
b Имя (инициалы) Н. А.
4 Код отношения 220
712 Наименование организации (Вторичная ответственность) 02
a Организация/ юрисдикция Ульяновский государственный технический университет
4 Код отношения 570
712 Наименование организации (Вторичная ответственность) 02
a Организация/ юрисдикция Институт развития образования
4 Код отношения 570
801 Источник записи _0
a Страна RU
b Организация Ульяновская ОНБ
c Дата составления 20250930
g Правила каталогизации RCR
801 Источник записи _1
a Страна RU
b Организация Ульяновская ОНБ
c Дата составления 20250930
g Правила каталогизации RCR
900 Электронные ресурсы __
a Имя электронного ресурса 4225ц0053
900 Электронные ресурсы __
a Имя электронного ресурса 4225ц0054
901 Тип документа __
t Тип документа m
909 Создатель записи __
a Создатель записи Макушик
b Дата создания записи 20250930
910 Корректоры записи __
a Корректор записи Пазекова
b Дата внесения изменения в запись 20251211